00265nam a22000977a 4500008004100000020001500041082002300056245003500079260003700114300001600151230629b xxu||||| |||| 00| 0 eng d a0862052556 a346.6762bCOT 1987 aCasebook o Kenya Customary Law bProfessional Books Limitedc1987 aXXVIII,348p